OPA vs. Kyverno

Gespeichert in:
Bibliographische Detailangaben
1. Verfasser: Kamenický, Boris (Verfasst von)
Weitere Verfasser: Jakubis, Peter (Betreuung Doktorarbeit)
Format: Manuskript Buch
Sprache:Slowakisch
Veröffentlicht: Bratislava : STU v Bratislave FEI, 2023
Schlagworte:
Online-Zugang:https://opac.crzp.sk/?fn=detailBiblioFormChildGK35H&sid=08878EB2E7E37CD09B937AC0752B&seo=CRZP-detail-kniha
Tags: Tag hinzufügen
Keine Tags, Fügen Sie das erste Tag hinzu!

MARC

LEADER 00000ntm a22000003a 4500
001 stuzp95328
003 SK-STU
005 20241111125448.4
007 ta
008 150427s2015----xo-----f-mn---000-0-slo-d
040 |a STU  |b slo 
041 0 |a slo 
044 |a xo 
100 1 |a Kamenický, Boris  |u 035000  |4 aut  |U FEI Fakulta elektrotechniky a informatiky  |T FEI Ústav informatiky a matematiky  |X 97819  |U E050  |Y 816  |7 97819 
242 0 1 |a OPA vs. Kyverno  |y eng 
245 1 0 |a OPA vs. Kyverno 
260 |a Bratislava :  |b STU v Bratislave FEI,  |c 2023 
300 |a 58 s., príl. 
650 4 |a Kubernetes  |2 slo 
650 4 |a OPA  |2 slo 
650 4 |a Kyverno  |2 slo 
650 4 |a Kubernetes  |2 eng 
650 4 |a Kyverno  |2 eng 
650 4 |a OPA  |2 eng 
700 1 |a Jakubis, Peter  |4 ths  |X 20476  |7 A000020476 
856 4 |u https://opac.crzp.sk/?fn=detailBiblioFormChildGK35H&sid=08878EB2E7E37CD09B937AC0752B&seo=CRZP-detail-kniha